Rubrikátor medzinárodného systému vedeckých a technických informácií

Guardado en:
Detalles Bibliográficos
Formato: Libro
Lenguaje:eslovaco
Publicado: Bratislava Slovenská technická knižnica 1986
Edición:2. vyd.
Etiquetas: Agregar Etiqueta
Sin Etiquetas, Sea el primero en etiquetar este registro!

MARC

LEADER 00000nam a2200000 4500
001 c034206
005 20221219101200.9
041 0 |a slo 
044 |a SK 
245 1 0 |a Rubrikátor medzinárodného systému vedeckých a technických informácií 
250 |a 2. vyd. 
264 1 |a Bratislava  |b Slovenská technická knižnica  |c 1986 
300 |a 278 s.